000 00322nam a22001457a 4500
020 _a978-9332570313
041 _aENG
100 _aHaykin.S
245 _aNeural Networks And Learning Machines
250 _aThird Ed
260 _aNew York
_bPearson
_c2008
300 _a906
650 _aSWCE
856 _uSWCE ( 43 )
999 _c1965
_d1965